| 000 | 00000nas 2200000za 4500 |
| 001 | 9.846666 |
| 003 | CaOODSP |
| 005 | 20221107153247 |
| 007 | cr ||||||||||| |
| 008 | 171106d1992199uonc x m o f0###|0fre|d |
| 040 | |aCaOODSP|bfre |
| 043 | |an-cn--- |
| 086 | 1 |aA42-55F-PDF |
| 130 | 0 |aCRTRB contribution. |
| 245 | 10|aCRTRB contribution |h[ressource électronique]. |
| 246 | 3 |aCentre de recherches sur les terres et les ressources biologiques, contribution |
| 260 | |a[Ottawa] : |bAgriculture et agroalimentaire Canada, Direction générale de la recherche, |c1992?-1996? |
| 310 | |aIrrégulier |
| 500 | |aPubli. aussi en anglais sous le titre : CLBRR contribution. |
| 692 | 07|2gccst|aAgriculture |
| 710 | 1 |aCanada. |bAgriculture et agroalimentaire Canada. |bDirection générale de la recherche. |
| 710 | 2 |aCentre de recherches sur les terres et les ressources biologiques (Canada) |
| 775 | 08|tCLBRR contribution |w(CaOODSP)9.846662 |
| 776 | 0#|tCRTRB contribution.|w(CaOODSP)9.512827 |